Market view UK summer 2012 (Record no. 114542)

MARC details
000 -LEADER
fixed length control field 01187cad a22002175a 4500
001 - CONTROL NUMBER
control field L157019
008 - FIXED-LENGTH DATA ELEMENTS--GENERAL INFORMATION
fixed length control field 120814s2012 xxk 000 0 eng d
035 ## - SYSTEM CONTROL NUMBER
System control number (Sirsi) u157019
041 0# - LANGUAGE CODE
Language code of text/sound track or separate title eng
110 2# - MAIN ENTRY--CORPORATE NAME
Corporate name or jurisdiction name as entry element EC Harris
9 (RLIN) 4930
245 00 - TITLE STATEMENT
Title Market view UK summer 2012
Remainder of title UK's double dip further hits construction confidence - tender prices continue to suffer
Medium [electronic resource]
260 ## - PUBLICATION, DISTRIBUTION, ETC.
Place of publication, distribution, etc. London
Name of publisher, distributor, etc. EC Harris
Date of publication, distribution, etc. 2012
490 #0 - SERIES STATEMENT
Series statement EC Harris Research Market View UK
Volume/sequential designation Summer 2012
520 ## - SUMMARY, ETC.
Summary, etc. The latest output figures show that construction slowed by 4.8% in the 1st quarter of the year and with the UK economy now in a double dip recession, the future for the construction sector continues to look poor. Whilst the level of construction activity rose by 2.7% during 2011, the 1st quarter 2012 figure is down 4.8% on the previous quarter and is the worst figure since the 1st quarter of 2010.
590 ## - LOCAL NOTE (RLIN)
Local note KA NTK
651 #4 - SUBJECT ADDED ENTRY--GEOGRAPHIC NAME
Geographic name United Kingdom
Chronological subdivision
690 ## - LOCAL SUBJECT ADDED ENTRY--TOPICAL TERM (OCLC, RLIN)
Topical term or geographic name as entry element Construction management
9 (RLIN) 6230
690 ## - LOCAL SUBJECT ADDED ENTRY--TOPICAL TERM (OCLC, RLIN)
Topical term or geographic name as entry element Cost management
9 (RLIN) 6233
856 40 - ELECTRONIC LOCATION AND ACCESS
Uniform Resource Identifier <a href="https://www.echarris.com/pdf/8317_Market%20View%20Summer%202012_FINAL.pdf">https://www.echarris.com/pdf/8317_Market%20View%20Summer%202012_FINAL.pdf</a>
Public note View the item free of charge at www.echarris.com
942 ## - ADDED ENTRY ELEMENTS (KOHA)
Suppress in OPAC 0
Holdings
Withdrawn status Lost status Source of classification or shelving scheme Damaged status Not for loan Home library Current library Shelving location Date acquired Total Checkouts Full call number Barcode Date last seen Copy number Price effective from Koha item type
    Dewey Decimal Classification     Virtual Virtual Online 14/08/2012   ONLINE PUBLICATION 157019-2001 06/08/2019 1 06/08/2019 Book